Estatísticas para Ciências 5

Clique aqui para jogar o quiz

Estatísticas Gerais

  • Esse quiz foi jogado 19 vezes
  • A pontuação média é 9 de 19

Estatísticas das Respostas

HintResposta% Correto
Qual é a célula que é constituída pela membrana celular, citosplama, núcleo e outras estruturas?Animal
89%
Em que reino podemos encontrar seres vivos vertebrados e invertebrados, pluricelulares com tecidos organizados, geralmente com locomoção e que se alimentam de outros seres vivos ou detritos?Animal
89%
Qual é o nutriente que predomina nos alimentos de origem animal?Proteína
79%
Que nome damos ao liquído espeso que preenche o interior da célula?Citoplasma
63%
Qual é o nutriente que predomina no azeite, óleos, manteiga, banha, toucinho?Gordura
63%
Que nome damos á parte da célula que controla as actividades da célula?Núcleo
63%
Que nome damos ás células que são formadas por uma única célula?Unicelulares
63%
Que nome damos ás células que são formadas por várias células?Pluricelulares
53%
Qual é o nutriente é o nosso principal constituinte e é fundamental para transportar materiais, eliminar substâncias tóxicas e para regular a temperatura corporal?Água
47%
Qual é a célula que é constituída pela membrana celular, citosplama, núcleo, parede celular (dá mais resistência à célula) e outras estruturas?Vegetal
47%
Qual é o nutriente que predomina na fruta, nos vegetais e no leite?Vitamina
47%
Em que reino podemos encontrar seres pluricelulares com clorofila e que produzem o seu próprio alimento?Plantas
42%
Em que reino podemos encontrar seres unicelulares e pluricelulares com núcleo distinto, ma sem formação de verdadeiros tecidos?Protista
42%
Qual é o nutriente que predomina nos alimentos de origem vegetal?Fibra
37%
Em que reino podemos encontrar seres sem clorofila, com parede celular, que vivem sobre matéria orgânica ou parasitando outros seres vivos?Fungos
32%
Que nome damos á membrana que rodeia toda a célula e permite as trocas com o meio?Celular
21%
Qual é o nutriente que tem diversas funções: Uns são constituintes dos ossos, dentes e sangue e outros são protetores dos dentes e do sistema nervoso?Minerais
16%
Qual é o nutriente que predomina nos cereais, massas, arroz, pão?Hidratos de carbono
11%
Em que reino podemos encontrar seres unicelulares sem núcleo distinto?Moneta
0%

Distribuição das Pontuações

Percentil de Números Respondidos

Porcentagem de Pessoas com Cada Pontuação

Sua Pontuação Histórica

Você não jogou esse quiz